UBT Library

FORENSICS DEMYSTIFIED (Record no. 59144)

000 -LEADER
fixed length control field 00315nam a22001457a 4500
008 - FIXED-LENGTH DATA ELEMENTS--GENERAL INFORMATION
fixed length control field 221208b ||||| |||| 00| 0 eng d
020 ## - INTERNATIONAL STANDARD BOOK NUMBER
International Standard Book Number 9780071454308
041 ## - LANGUAGE CODE
Language code of text/sound track or separate title eng
080 ## - UNIVERSAL DECIMAL CLASSIFICATION NUMBER
Universal Decimal Classification number 32.1
082 ## - DEWEY DECIMAL CLASSIFICATION NUMBER
Classification number 32.1FIS
100 ## - Rafti
Rafti 32
101 ## - Shkurtesa
Shkurtesa JURE
245 ## - TITLE STATEMENT
Title FORENSICS DEMYSTIFIED
Statement of responsibility, etc FISHER B
942 ## - ADDED ENTRY ELEMENTS (KOHA)
Source of classification or shelving scheme
Item type Books
Holdings
Withdrawn status Lost status Source of classification or shelving scheme Damaged status Not for loan Collection code Permanent location Current location Date acquired Total Checkouts Full call number Barcode Date last seen Price effective from Koha item type
          Koleksioni i përgjithshem UBT - Lipjan UBT - Lipjan 12/08/2022   32.1FIS 002-8000287002601042 12/08/2022 12/08/2022 Books
UBT Library © 2015-2024. All rights reserved University Education for Business and Technology